000 00817cam a2200241 a 4500
001 652059
005 20171218084358.0
008 940330s1995 nyua b 001 0 eng
010 _a 94013648
020 _a0195058836 (alk. paper)
040 _aDLC
_cDLC
_dDLC
041 _aeng
043 _an-us---
080 _a305.40973 SHAL
082 0 0 _a305.40973 SHAL
_220
100 _a50
101 _aSOC
245 0 0 _aWomen's realities, women's choices :
_cHunter College Women's Studies Collective.
504 _aIncludes bibliographical references and index.
906 _a7
_bcbc
_corignew
_d1
_eocip
_f19
_gy-gencatlg
942 _2ddc
_cBK
999 _c39114
_d39114